000 00293nam a22001337a 4500
008 180919b xxu||||| |||| 00| 0 eng d
020 _a05340122639
041 _aeng
080 _a159.9
100 _a49
101 _aPSI
245 _aLiking Loving Relating
_cCkyde.H
942 _2udc
_cBK
999 _c48037
_d48037